[Event "Mumbai Wealth blitz op 5th"]
[Site "Mumbai"]
[Date "2020.01.04"]
[Round "3"]
[White "Aleksandrov, Aleksej"]
[Black "Sapaev, Maksad"]
[Result "1-0"]
[WhiteElo "2481"]
[BlackElo "2137"]
[PlyCount "95"]
[EventDate "2020.01.04"]
[EventType "swiss (blitz)"]
[EventRounds "11"]
[EventCountry "IND"]
[SourceTitle "CBM 195 Extra"]
[Source "ChessBase"]
[SourceDate "2020.05.31"]
[SourceVersion "1"]
[SourceVersionDate "2020.05.31"]
[SourceQuality "1"]

1. d4 Nf6 2. c4 e6 3. Nc3 Bb4 4. e3 0-0 5. Bd3 d5 6. cxd5 exd5 7. Nge2 Re8 8. 0-0 c6 9. Bd2 Nbd7 10. f3 Nf8 11. Kh1 Bd6 12. e4 Bc7 13. e5 N6d7 14. f4 f6 15. Ng3 Nb6 16. b3 Bd7 17. a4 Rc8 18. Nce2 Qe7 19. a5 Na8 20. Nf5 Bxf5 21. Bxf5 Rcd8 22. Bd3 c5 23. Bb5 cxd4 24. Bxe8 Rxe8 25. Nxd4 fxe5 26. fxe5 Bxe5 27. Re1 Qf6 28. Nf3 Bxa1 29. Rxe8 Nc7 30. Re1 h6 31. Qxa1 Qg6 32. Bf4 Nce6 33. Bd6 Qc2 34. Qd1 Qc6 35. Bxf8 Nxf8 36. Qd4 Qb5 37. Rd1 Kh7 38. Qd3+ Qxd3 39. Rxd3 Ng6 40. Rxd5 Nf4 41. Rd7 b6 42. Rxa7 bxa5 43. Rxa5 Nd3 44. h3 Kg6 45. Kh2 Kf6 46. Ra6+ Kf5 47. Rd6 Nf4 48. b4 1-0

[Event "Bhopal op"]
[Site "Bhopal"]
[Date "2019.12.28"]
[Round "10"]
[White "Sapaev, Maksad"]
[Black "Shaik, Sumer Arsh"]
[Result "1-0"]
[WhiteElo "2250"]
[BlackElo "1826"]
[PlyCount "75"]
[EventDate "2019.12.21"]
[EventType "swiss"]
[EventRounds "10"]
[EventCountry "IND"]
[SourceTitle "CBM 194 Extra"]
[Source "ChessBase"]
[SourceDate "2020.03.31"]
[SourceVersion "1"]
[SourceVersionDate "2020.03.31"]
[SourceQuality "1"]

1. e4 c5 2. Nf3 d6 3. d4 cxd4 4. Nxd4 Nf6 5. Nc3 Nc6 6. Bc4 e6 7. Bb3 a6 8. f4 Na5 9. 0-0 Qc7 10. Kh1 b5 11. f5 Nxb3 12. cxb3 b4 13. Na4 e5 14. Nc2 Bb7 15. Nxb4 Bxe4 16. Bg5 Qb7 17. Qd2 Ng4 18. Rae1 f6 19. Nc3 Bc6 20. Nxc6 Qxc6 21. Qe2 h5 22. Bh4 Rc8 23. Rf4 Kf7 24. Ra4 Ra8 25. h3 Nh6 26. Qxh5+ Ke7 27. Rd1 Nf7 28. Qe2 Ke8 29. Nd5 Rc8 30. Bf2 Ng5 31. Rc4 Qb7 32. Be3 Nf7 33. Rdc1 Qxd5 34. Rxc8+ Nd8 35. Qg4 Be7 36. R1c7 g5 37. fxg6 Qb5 38. Rxd8+ 1-0

[Event "Sharjah Masters 3rd"]
[Site "Sharjah"]
[Date "2019.03.30"]
[Round "9"]
[White "Nigmatov, Ortik"]
[Black "Sapaev, Maksad"]
[Result "0-1"]
[WhiteElo "2478"]
[BlackElo "2214"]
[PlyCount "100"]
[EventDate "2019.03.22"]
[EventType "swiss"]
[EventRounds "9"]
[EventCountry "UAE"]
[SourceTitle "CBM 189 Extra"]
[Source "ChessBase"]
[SourceDate "2019.06.03"]
[SourceVersion "1"]
[SourceVersionDate "2019.06.03"]
[SourceQuality "1"]

1. e4 e5 2. Nf3 Nc6 3. Bb5 a6 4. Ba4 Nf6 5. 0-0 Be7 6. d3 b5 7. Bb3 0-0 8. a4 Bb7 9. c3 d6 10. Nbd2 Na5 11. Bc2 c5 12. Re1 Re8 13. Nf1 Bf8 14. Ng3 g6 15. d4 Qc7 16. d5 c4 17. Bg5 Bg7 18. h3 h6 19. Be3 Nd7 20. h4 Nc5 21. h5 Nab3 22. Rb1 Bc8 23. Nh2 Qe7 24. Rf1 bxa4 25. Ng4 Qh4 26. Nh2 Rf8 27. f4 exf4 28. Bxf4 Be5 29. Bxe5 dxe5 30. Rf3 Bd7 31. Qe2 Qg5 32. Rd1 Rac8 33. Qf2 Nc1 34. Rf1 N1d3 35. Bxd3 Nxd3 36. Qa7 Rcd8 37. hxg6 fxg6 38. Ne2 Rxf3 39. Nxf3 Qe7 40. Qxa6 Kg7 41. Qb6 Bg4 42. Qe3 Bxf3 43. Rxf3 Qc5 44. Qxc5 Nxc5 45. Rf1 Rb8 46. d6 Rxb2 47. Nd4 exd4 48. cxd4 Nxe4 49. d7 Rb8 50. Re1 Nf6 0-1

[Event "Sochi ChessAmateur op"]
[Site "Sochi"]
[Date "2018.04.02"]
[Round "3"]
[White "Sapaev, Maksad"]
[Black "Taalaibekov, Tagir"]
[Result "1-0"]
[WhiteElo "2149"]
[BlackElo "2261"]
[PlyCount "85"]
[EventDate "2018.04.01"]
[EventType "swiss"]
[EventRounds "9"]
[EventCountry "RUS"]
[SourceTitle "CBM 184 Extra"]
[Source "ChessBase"]
[SourceDate "2018.06.28"]
[SourceVersion "1"]
[SourceVersionDate "2018.06.28"]
[SourceQuality "1"]

1. e4 c5 2. Nf3 d6 3. d4 cxd4 4. Nxd4 Nf6 5. Nc3 a6 6. Be2 e5 7. Nb3 Be6 8. 0-0 b5 9. a4 b4 10. Nd5 Bxd5 11. exd5 Nbd7 12. a5 Nc5 13. f4 Qc7 14. Be3 Nfd7 15. Qe1 Rb8 16. Kh1 Be7 17. Nxc5 Nxc5 18. Bxc5 Qxc5 19. Bxa6 Qxd5 20. Bd3 Qc5 21. Qf2 d5 22. fxe5 Qxf2 23. Rxf2 Bc5 24. Rf4 0-0 25. a6 Rfe8 26. Ra5 Be3 27. g3 Bxf4 28. gxf4 Red8 29. Be2 Rd7 30. Bf3 Rbd8 31. Rb5 Ra7 32. Rb6 Kf8 33. Be2 Rc8 34. Bd3 Rc5 35. Rxb4 Ke7 36. Rb6 g6 37. b4 Rc8 38. b5 Rd7 39. Kg2 Kd8 40. Rf6 Rc3 41. b6 Ra3 42. Rc6 Ra2 43. b7 1-0

[Event "Sochi ChessAmateur op"]
[Site "Sochi"]
[Date "2018.04.01"]
[Round "1"]
[White "Sapaev, Maksad"]
[Black "Sheliya, Daniel"]
[Result "1-0"]
[WhiteElo "2149"]
[BlackElo "1425"]
[PlyCount "101"]
[EventDate "2018.04.01"]
[EventType "swiss"]
[EventRounds "9"]
[EventCountry "RUS"]
[SourceTitle "CBM 184 Extra"]
[Source "ChessBase"]
[SourceDate "2018.06.28"]
[SourceVersion "1"]
[SourceVersionDate "2018.06.28"]
[SourceQuality "1"]

1. e4 c5 2. Nf3 e6 3. c3 d5 4. e5 Nc6 5. d4 Qb6 6. a3 Nge7 7. b4 c4 8. a4 a6 9. Be2 Bd7 10. 0-0 0-0-0 11. Na3 Na7 12. Bxc4 Qc7 13. Be2 Qxc3 14. Bd2 Qc7 15. Rc1 Nec6 16. Qb3 Kb8 17. b5 Na5 18. b6 Qxc1 19. bxa7+ Ka8 20. Bxa5 Qxa3 21. Qb6 Be7 22. Rb1 Bc6 23. Bxa6 Rd7 24. Bb4 Qxa4 25. Bxe7 Rxe7 26. Bf1 Qxa7 27. Qb4 Rd7 28. Rb3 Kb8 29. Ra3 Qxa3 30. Qxa3 Kc7 31. Ne1 b6 32. Qa7+ Bb7 33. Ba6 Rb8 34. Nc2 Kc8 35. Nb4 Rc7 36. h3 Bxa6 37. Qxa6+ Kd8 38. Qb5 Rbb7 39. Kh2 Rc4 40. Nxd5 Rxd4 41. Qc6 Rxd5 42. Qxb7 Rd7 43. Qxb6+ Ke7 44. Qb4+ Ke8 45. h4 f6 46. g4 Kf7 47. exf6 Kxf6 48. Qf4+ Ke7 49. Qe4 g6 50. Qe5 Kf7 51. Qh8 1-0

[Event "Agzamov Memorial 10th"]
[Site "Tashkent"]
[Date "2016.04.19"]
[Round "2"]
[White "Sapaev, Maksad"]
[Black "Barsov, Alexei"]
[Result "1/2-1/2"]
[WhiteElo "2132"]
[BlackElo "2444"]
[PlyCount "53"]
[EventDate "2016.04.18"]
[EventType "swiss"]
[EventRounds "9"]
[EventCountry "UZB"]
[SourceTitle "CBM 172 Extra"]
[Source "ChessBase"]
[SourceDate "2016.06.21"]
[SourceVersion "1"]
[SourceVersionDate "2016.06.21"]
[SourceQuality "1"]

1. e4 e6 2. d4 d5 3. e5 c5 4. c3 Nc6 5. Nf3 Qb6 6. a3 Bd7 7. b4 cxd4 8. cxd4 Rc8 9. Bb2 Nh6 10. Nc3 Na5 11. Na4 Qc6 12. Nc5 Nc4 13. Bc1 Nf5 14. Bd3 b6 15. Nxd7 Qxd7 16. 0-0 h6 17. Qe2 b5 18. Bxf5 exf5 19. Ne1 g5 20. Nd3 f4 21. Qh5 Rc6 22. g3 Rg8 23. Kh1 Be7 24. gxf4 Qf5 25. Qe2 Rcg6 26. a4 gxf4 27. Nxf4 1/2-1/2

[Event "UZB-ch U20"]
[Site "Novbahor"]
[Date "2012.09.15"]
[Round "10"]
[White "Sapaev, Maksad"]
[Black "Yakubboev, Nodirbek"]
[Result "1-0"]
[WhiteElo "2144"]
[BlackElo "1996"]
[PlyCount "87"]
[EventDate "2012.09.06"]
[EventType "tourn"]
[EventRounds "13"]
[EventCountry "UZB"]
[SourceTitle "EXT 2013"]
[Source "ChessBase"]
[SourceDate "2012.11.22"]
[SourceVersion "1"]
[SourceVersionDate "2012.11.22"]
[SourceQuality "1"]

1. e4 e5 2. Nf3 Nc6 3. Bb5 Bc5 4. 0-0 Nd4 5. Bc4 Nxf3+ 6. Qxf3 Qf6 7. Qg3 Ne7 8. Nc3 a6 9. d3 d6 10. Be3 Be6 11. Bxc5 dxc5 12. Bxe6 fxe6 13. f4 exf4 14. Rxf4 Qd4+ 15. Kh1 Ng6 16. Rf3 0-0-0 17. Rf7 Rd7 18. Raf1 Rhd8 19. Qh3 Rxf7 20. Rxf7 Nf8 21. Qg3 Nd7 22. Rxg7 Rf8 23. Rg8 Qf6 24. Rxf8+ Nxf8 25. Qf3 Qxf3 26. gxf3 Ng6 27. Kg2 Nf4+ 28. Kf2 Kd7 29. Ne2 Ng6 30. f4 b5 31. Kf3 Ke7 32. Kg4 Kf6 33. Ng3 Ne7 34. Kh5 Nc6 35. c3 Kg7 36. Kg5 h6+ 37. Kg4 Kg6 38. f5+ Kf7 39. Kf4 a5 40. e5 a4 41. Ne4 Ne7 42. fxe6+ Kg6 43. c4 bxc4 44. dxc4 1-0

[Event "Asia U20 op"]
[Site "Tashkent"]
[Date "2012.06.07"]
[Round "9"]
[White "Kozganbay, Erkin"]
[Black "Sapaev, Maksad"]
[Result "1-0"]
[WhiteElo "2317"]
[BlackElo "2147"]
[PlyCount "63"]
[EventDate "2012.05.30"]
[EventType "swiss"]
[EventRounds "9"]
[EventCountry "UZB"]
[SourceTitle "CBM 148 Extra"]
[Source "ChessBase"]
[SourceDate "2012.06.22"]
[SourceVersion "1"]
[SourceVersionDate "2012.06.22"]
[SourceQuality "1"]

1. e4 d6 2. d4 Nf6 3. Nc3 e5 4. Nge2 exd4 5. Nxd4 Be7 6. g3 0-0 7. Bg2 Re8 8. 0-0 Bf8 9. h3 c6 10. g4 Nbd7 11. g5 Nxe4 12. Nxe4 d5 13. Ng3 g6 14. Bf4 Qb6 15. Nb3 Bg7 16. Be3 Qd8 17. c3 Nf8 18. Qd2 f5 19. Bd4 Ne6 20. Bxg7 Kxg7 21. f4 Qd6 22. Ne2 Bd7 23. Ned4 Nf8 24. Nf3 Rad8 25. Rae1 Ne6 26. Nfd4 Nc7 27. Rxe8 Rxe8 28. Re1 Rd8 29. Qe3 Re8 30. Qf2 Rd8 31. Re5 c5 32. Nxc5 1-0

[Event "Asia U20 op"]
[Site "Tashkent"]
[Date "2012.06.03"]
[Round "5"]
[White "Sapaev, Maksad"]
[Black "Aripov, Iskandar"]
[Result "1/2-1/2"]
[WhiteElo "2147"]
[BlackElo "2188"]
[PlyCount "135"]
[EventDate "2012.05.30"]
[EventType "swiss"]
[EventRounds "9"]
[EventCountry "UZB"]
[SourceTitle "CBM 148 Extra"]
[Source "ChessBase"]
[SourceDate "2012.06.22"]
[SourceVersion "1"]
[SourceVersionDate "2012.06.22"]
[SourceQuality "1"]

1. e4 c5 2. c3 g6 3. d4 cxd4 4. cxd4 d5 5. e5 Bg7 6. Nc3 Nc6 7. Nf3 f6 8. Bf4 Be6 9. Bb5 Nh6 10. exf6 exf6 11. 0-0 0-0 12. Na4 g5 13. Nc5 Bg4 14. Be3 Ne7 15. h3 Bc8 16. Qb3 Nhf5 17. Rfe1 b6 18. Na6 Bb7 19. a4 Nc6 20. Rac1 Na5 21. Qd3 Nxe3 22. Qxe3 Rf7 23. Qe6 Kf8 24. Qf5 Bc8 25. Qxd5 Bb7 26. Qf5 Qd6 27. Qd3 Bd5 28. Rc3 Rd8 29. b4 Nc6 30. Bxc6 Bxc6 31. b5 Bxf3 32. Qxf3 Qxd4 33. Nc7 Kg8 34. Ne6 Qd2 35. Rec1 Re8 36. Rc8 Rfe7 37. Qb3 Kh8 38. Nxg7 Kxg7 39. R8c7 Qd6 40. Rxe7+ Rxe7 41. Qc4 Qd2 42. g3 Qd7 43. Qg4 Qxg4 44. hxg4 Kg6 45. Rc4 h5 46. gxh5+ Kxh5 47. g4+ Kh4 48. Kg2 Re1 49. Rc7 Kxg4 50. Rxa7 Ra1 51. Ra6 f5 52. Rxb6 Rxa4 53. Rb8 Rb4 54. b6 Rb2 55. b7 Kf4 56. Kg1 g4 57. Rc8 Rxb7 58. Rc4+ Kg5 59. Kg2 Rb2 60. Rc8 Rb6 61. Ra8 Rf6 62. Ra4 Rc6 63. Ra8 Rc4 64. Rb8 Kf4 65. Re8 Rc3 66. Rg8 Rc2 67. Ra8 Rb2 68. Ra4+ 1/2-1/2

[Event "Asia U20 op"]
[Site "Tashkent"]
[Date "2012.05.30"]
[Round "1"]
[White "Sapaev, Maksad"]
[Black "Ankit, R Rajpara"]
[Result "1/2-1/2"]
[WhiteElo "2147"]
[BlackElo "2412"]
[PlyCount "61"]
[EventDate "2012.05.30"]
[EventType "swiss"]
[EventRounds "9"]
[EventCountry "UZB"]
[SourceTitle "CBM 148 Extra"]
[Source "ChessBase"]
[SourceDate "2012.06.22"]
[SourceVersion "1"]
[SourceVersionDate "2012.06.22"]
[SourceQuality "1"]

1. e4 c6 2. d4 d5 3. e5 Bf5 4. Nf3 e6 5. Be2 c5 6. 0-0 Nc6 7. Be3 cxd4 8. Nxd4 Nge7 9. f4 Nxd4 10. Bxd4 Nc6 11. Bf2 Be7 12. Nd2 0-0 13. c4 Nb4 14. Qb3 a5 15. a3 dxc4 16. Nxc4 Nd5 17. Qf3 Bc2 18. Rac1 Ba4 19. Bd3 g6 20. Be4 Bc6 21. Rfd1 f5 22. exf6 Bxf6 23. g3 Qe7 24. Qe2 Rfe8 25. Bg2 Qg7 26. Ne5 Bxe5 27. Qxe5 Qxe5 28. fxe5 Ne7 29. Bc5 Bxg2 30. Bxe7 Bf3 31. Rd7 1/2-1/2

[Event "UZB-ch 1st League"]
[Site "Tashkent"]
[Date "2012.04.19"]
[Round "8"]
[White "Sapaev, Maksad"]
[Black "Golubev, Roman"]
[Result "1/2-1/2"]
[WhiteElo "2178"]
[BlackElo "2185"]
[PlyCount "90"]
[EventDate "2012.04.12"]
[EventType "tourn"]
[EventRounds "9"]
[EventCountry "UZB"]
[SourceTitle "EXT 2013"]
[Source "ChessBase"]
[SourceDate "2012.11.22"]
[SourceVersion "1"]
[SourceVersionDate "2012.11.22"]
[SourceQuality "1"]

1. Nf3 Nf6 2. g3 g6 3. Bg2 Bg7 4. 0-0 d5 5. d4 0-0 6. Nbd2 Bf5 7. c3 Qc8 8. Re1 c5 9. dxc5 Qxc5 10. Nb3 Qc8 11. Nbd4 Bh3 12. Bh1 Nc6 13. Be3 Na5 14. Qc1 Nc4 15. Bh6 e5 16. Bxg7 Kxg7 17. b3 exd4 18. bxc4 dxc3 19. cxd5 Nxd5 20. Rb1 Qc5 21. Ng5 Be6 22. Rxb7 Kg8 23. Bf3 Rab8 24. Nxe6 fxe6 25. Rd7 Nf6 26. Rd3 c2 27. Qa1 Ne4 28. Re3 Rfc8 29. Rxe4 c1Q 30. Rxc1 Qxc1+ 31. Qxc1 Rxc1+ 32. Kg2 Rb6 33. Rd4 Ra6 34. Rd8+ Kg7 35. Rd7+ Kf6 36. Rxh7 Rxa2 37. Rb7 a5 38. Rb6 Rac2 39. Ra6 Rc5 40. Bg4 g5 41. Rxe6+ Kf7 42. Ra6 Ra1 43. h4 gxh4 44. gxh4 a4 45. h5 a3 1/2-1/2

[Event "UZB-ch 1st League"]
[Site "Tashkent"]
[Date "2012.04.14"]
[Round "3"]
[White "Sapaev, Maksad"]
[Black "Kholmirzaev, Bakhodir"]
[Result "0-1"]
[WhiteElo "2178"]
[BlackElo "2363"]
[PlyCount "88"]
[EventDate "2012.04.12"]
[EventType "tourn"]
[EventRounds "9"]
[EventCountry "UZB"]
[SourceTitle "EXT 2013"]
[Source "ChessBase"]
[SourceDate "2012.11.22"]
[SourceVersion "1"]
[SourceVersionDate "2012.11.22"]
[SourceQuality "1"]

1. e4 c5 2. Nf3 Nc6 3. Nc3 Nf6 4. d4 d5 5. exd5 Nxd5 6. Nxd5 Qxd5 7. Be3 Bg4 8. dxc5 Qh5 9. c3 e6 10. Qb3 Bxf3 11. gxf3 0-0-0 12. f4 Bxc5 13. Be2 Qf5 14. Rg1 Bxe3 15. fxe3 Qh3 16. Kf2 Rd2 17. Qc4 Kb8 18. Qe4 Qxh2+ 19. Rg2 Qh4+ 20. Kg1 Rxb2 21. Bf3 Rxg2+ 22. Bxg2 Rd8 23. Rb1 Rd6 24. Qc4 Qg4 25. Qc5 Rd1+ 26. Rxd1 Qxd1+ 27. Kh2 Nd8 28. Qe5+ Kc8 29. Qxg7 Qh5+ 30. Kg1 Qc5 31. Kf2 Qc4 32. Qxh7 Qxa2+ 33. Kg3 Qd2 34. Qe4 Qxc3 35. Kf2 a5 36. Qa4 Kc7 37. Bf1 Nc6 38. Qb5 Qc2+ 39. Kg3 a4 40. Bg2 Nd8 41. Qe5+ Kc8 42. Qa5 Qc4 43. Qa8+ Kc7 44. Qa5+ Kd7 0-1

[Event "Agzamov Memorial 06th"]
[Site "Tashkent"]
[Date "2012.03.13"]
[Round "8"]
[White "Atabayev, Maksat"]
[Black "Sapaev, Maksad"]
[Result "1-0"]
[WhiteElo "2367"]
[BlackElo "2178"]
[PlyCount "111"]
[EventDate "2012.03.06"]
[EventType "swiss"]
[EventRounds "9"]
[EventCountry "UZB"]
[SourceTitle "CBM 147 Extra"]
[Source "ChessBase"]
[SourceDate "2012.04.24"]
[SourceVersion "1"]
[SourceVersionDate "2012.04.24"]
[SourceQuality "1"]

1. e4 d6 2. d4 Nf6 3. Nc3 e5 4. Nf3 Nbd7 5. Bc4 Be7 6. 0-0 0-0 7. Qe2 exd4 8. Nxd4 Ne5 9. Bb3 c5 10. Nf5 Bxf5 11. exf5 Qd7 12. Nd5 Rae8 13. Ne3 Bd8 14. Qd1 b5 15. c4 a6 16. Bc2 Ba5 17. cxb5 axb5 18. Nd5 Nxd5 19. Qxd5 Nc6 20. f6 g6 21. a4 Nd4 22. Bd1 Re5 23. Qa2 Bb4 24. Be3 Nf5 25. Bg4 Qc6 26. Bf3 Qd7 27. Bf4 Re6 28. Bd5 Ree8 29. axb5 Qxb5 30. Qa6 Qd7 31. Bc6 Qe6 32. Bxe8 Rxe8 33. Qc6 Nd4 34. Qxd6 Qf5 35. Bg3 h5 36. Rad1 Qe4 37. Kh1 h4 38. f3 Qe2 39. Bxh4 Nf5 40. Qf4 Ne3 41. Rg1 Nf5 42. Rd5 Qxb2 43. Rxf5 Bd2 44. Qa4 Rb8 45. Rxc5 Be3 46. Qc2 Qb7 47. Bf2 Bh6 48. Rc7 Qa6 49. Qc6 Qa2 50. Rc8+ Rxc8 51. Qxc8+ Kh7 52. Qc5 Qb3 53. Re1 Kg8 54. Qc8+ Kh7 55. Re8 g5 56. Qf5# 1-0

[Event "Agzamov Memorial 06th"]
[Site "Tashkent"]
[Date "2012.03.09"]
[Round "4"]
[White "Karimov, Ibragim"]
[Black "Sapaev, Maksad"]
[Result "1-0"]
[WhiteElo "2324"]
[BlackElo "2178"]
[PlyCount "95"]
[EventDate "2012.03.06"]
[EventType "swiss"]
[EventRounds "9"]
[EventCountry "UZB"]
[SourceTitle "CBM 147 Extra"]
[Source "ChessBase"]
[SourceDate "2012.04.24"]
[SourceVersion "1"]
[SourceVersionDate "2012.04.24"]
[SourceQuality "1"]

1. Nf3 Nf6 2. g3 g6 3. Bg2 Bg7 4. 0-0 0-0 5. d4 d6 6. c4 Nc6 7. d5 Nb8 8. Nc3 Nbd7 9. e4 Nc5 10. Qc2 a5 11. Be3 b6 12. h3 e5 13. dxe6 Bxe6 14. b3 Qc8 15. Kh2 Nh5 16. Nd4 Bd7 17. Rae1 h6 18. f4 Kh7 19. Nd5 Rb8 20. Qd1 c6 21. Nc3 Qc7 22. g4 Nf6 23. Bf2 Rbe8 24. Bg3 Ng8 25. Qd2 Rd8 26. Nf3 Rfe8 27. f5 Bc8 28. fxg6+ fxg6 29. Nh4 Qe7 30. Nf3 Bf6 31. Na4 Nxa4 32. bxa4 Be6 33. Qc2 Qg7 34. e5 Be7 35. Nh4 d5 36. cxd5 Bxd5 37. Bxd5 cxd5 38. Ng2 Bb4 39. Re2 Be7 40. Nf4 Bg5 41. Nxg6 Rc8 42. Qd3 Rc7 43. Ref2 h5 44. Ne7+ Kh8 45. Rf7 Nxe7 46. Rxg7 Kxg7 47. e6 Rc4 48. Rf7+ 1-0

[Event "UZB-ch U20"]
[Site "Tashkent"]
[Date "2011.09.17"]
[Round "12"]
[White "Nigmatov, Ortik"]
[Black "Sapaev, Maksad"]
[Result "0-1"]
[WhiteElo "1865"]
[BlackElo "2140"]
[PlyCount "102"]
[EventDate "2011.09.06"]
[EventType "tourn"]
[EventRounds "13"]
[EventCountry "UZB"]
[SourceTitle "CBM 144 Extra"]
[Source "ChessBase"]
[SourceDate "2011.10.28"]
[SourceVersion "1"]
[SourceVersionDate "2011.10.28"]
[SourceQuality "1"]

1. e4 Nf6 2. e5 Nd5 3. Bc4 Nb6 4. Bb3 c5 5. d3 Nc6 6. f4 d5 7. exd6 exd6 8. Nf3 Be7 9. 0-0 0-0 10. c3 Bf6 11. Be3 Na5 12. Nbd2 Nxb3 13. axb3 Nd5 14. Re1 Nxe3 15. Rxe3 d5 16. Re1 Re8 17. Nf1 Rxe1 18. Qxe1 Bf5 19. Qe2 g6 20. Ng3 Bg4 21. h3 Be6 22. Qf2 Qd6 23. Nd2 Bd7 24. Re1 Re8 25. Rxe8+ Bxe8 26. Kh1 Bc6 27. Kg1 Bh4 28. Ndf1 b5 29. Qd2 Bd8 30. f5 d4 31. c4 bxc4 32. bxc4 Qe5 33. fxg6 hxg6 34. Qe2 Qxe2 35. Nxe2 Ba4 36. Nfg3 Bc2 37. Nc1 Bg5 38. Nge2 Be3+ 39. Kh2 Kf8 40. h4 f5 41. g3 Bd1 42. Kg2 a5 43. b3 Kg7 44. Kh2 Kh6 45. Kh3 g5 46. hxg5+ Kxg5 47. Kh2 f4 48. gxf4+ Bxf4+ 49. Kg2 Be3 50. Kg3 Kf5 51. Kh2 Bxc1 0-1

[Event "UZB-ch U20"]
[Site "Tashkent"]
[Date "2010.09.12"]
[Round "8"]
[White "Ohunov, Bobur"]
[Black "Sapaev, Maksad"]
[Result "0-1"]
[WhiteElo "2173"]
[BlackElo "2166"]
[PlyCount "98"]
[EventDate "2010.09.05"]
[EventType "tourn"]
[EventRounds "13"]
[EventCountry "UZB"]
[SourceTitle "CBM 138 Extra"]
[Source "ChessBase"]
[SourceDate "2010.10.29"]
[SourceVersion "1"]
[SourceVersionDate "2010.10.29"]
[SourceQuality "1"]

1. e4 e5 2. Nf3 d6 3. d4 exd4 4. Qxd4 Nc6 5. Bb5 Bd7 6. Bxc6 Bxc6 7. Nc3 Nf6 8. Bg5 Be7 9. 0-0-0 0-0 10. h4 h6 11. Bf4 Ng4 12. Qd2 Bf6 13. Nd5 Bxd5 14. exd5 Qd7 15. Nd4 Qa4 16. a3 Rfe8 17. f3 Ne5 18. c3 Nc4 19. Qc2 Qa5 20. Nb3 Qb6 21. Nd2 Re2 22. Rhe1 Rae8 23. Bg3 Rxe1 24. Rxe1 Rxe1+ 25. Bxe1 Qg1 26. Nxc4 Qxe1+ 27. Qd1 Bxh4 28. Qxe1 Bxe1 29. Na5 b5 30. Kc2 Bf2 31. b3 Bc5 32. Nc6 Kf8 33. Kd3 f5 34. b4 Bb6 35. c4 bxc4+ 36. Kxc4 g5 37. a4 h5 38. Kd3 Kf7 39. a5 Bg1 40. Nd8+ Kf6 41. Ne6 Ke5 42. Nxc7 g4 43. fxg4 fxg4 44. g3 h4 45. Ke2 h3 46. Kf1 Be3 47. b5 Ke4 48. b6 Kf3 49. b7 h2 0-1

[Event "UZB-ch U20"]
[Site "Tashkent"]
[Date "2010.09.11"]
[Round "7"]
[White "Sapaev, Maksad"]
[Black "Faizulaev, Akmal"]
[Result "1/2-1/2"]
[WhiteElo "2166"]
[BlackElo "2310"]
[PlyCount "85"]
[EventDate "2010.09.05"]
[EventType "tourn"]
[EventRounds "13"]
[EventCountry "UZB"]
[SourceTitle "CBM 138 Extra"]
[Source "ChessBase"]
[SourceDate "2010.10.29"]
[SourceVersion "1"]
[SourceVersionDate "2010.10.29"]
[SourceQuality "1"]

1. e4 c5 2. Nf3 d6 3. d4 cxd4 4. Nxd4 Nf6 5. Nc3 Nc6 6. Be2 e5 7. Nb3 h6 8. 0-0 Be7 9. f4 0-0 10. f5 a5 11. Be3 a4 12. Nd2 a3 13. b3 Qa5 14. Na4 b5 15. Nb6 Rb8 16. Nd5 Bd8 17. Nxf6+ Bxf6 18. Nf3 Rd8 19. Qe1 Qxe1 20. Nxe1 Bg5 21. Bxg5 hxg5 22. c3 b4 23. c4 Nd4 24. Bd3 Kf8 25. Nc2 Nxc2 26. Bxc2 Bb7 27. Rad1 Ke7 28. Rd2 Kd7 29. Re1 Kc6 30. Re3 f6 31. Bd1 Rh8 32. g3 Kc5 33. Bf3 Rh6 34. Re1 Rd8 35. Re3 Bc6 36. Re1 Rhh8 37. Re3 Ra8 38. Re1 Ra7 39. Re3 Ra6 40. Re1 Bb7 41. Re3 Raa8 42. Re1 Ra5 43. Re3 1/2-1/2

[Event "UZB-ch U20"]
[Site "Tashkent"]
[Date "2010.09.09"]
[Round "5"]
[White "Sattarov, Bobir"]
[Black "Sapaev, Maksad"]
[Result "1-0"]
[WhiteElo "2077"]
[BlackElo "2166"]
[PlyCount "93"]
[EventDate "2010.09.05"]
[EventType "tourn"]
[EventRounds "13"]
[EventCountry "UZB"]
[SourceTitle "CBM 138 Extra"]
[Source "ChessBase"]
[SourceDate "2010.10.29"]
[SourceVersion "1"]
[SourceVersionDate "2010.10.29"]
[SourceQuality "1"]

1. e4 c6 2. d4 d6 3. Nf3 Qc7 4. Bc4 e5 5. 0-0 Be7 6. Ng5 Bxg5 7. Bxg5 Nd7 8. c3 Ngf6 9. Nd2 h6 10. Be3 Nf8 11. f4 Bg4 12. Qe1 Be6 13. Bd3 Ng4 14. f5 Nxe3 15. Qxe3 Bc8 16. Qg3 f6 17. Be2 Qe7 18. Rad1 b5 19. Rf3 Bd7 20. Rd3 0-0-0 21. b4 h5 22. h4 exd4 23. Rxd4 Kc7 24. Nb3 Qe5 25. Qxe5 dxe5 26. R4d2 g6 27. Nc5 gxf5 28. exf5 Rh7 29. Ne6+ Kc8 30. Nxd8 Kxd8 31. Bf3 Kc7 32. Rd6 Re7 33. Rxf6 Nh7 34. Rh6 Nf8 35. Rxh5 e4 36. Re1 e3 37. g4 Be8 38. Rh6 Nd7 39. Rxc6+ Kb8 40. Re6 Rxe6 41. fxe6 Ne5 42. Rxe3 Nc4 43. Rd3 Kc7 44. e7 Ne5 45. Re3 Kd6 46. h5 Nf7 47. Kf2 1-0